| 000 | 007120000a22001930004500 | ||
|---|---|---|---|
| 003 | LK-CoMWRAF | ||
| 005 | 20231027134544.0 | ||
| 008 | 230817t1991 ||||| |||| 00| 0 eng d | ||
| 040 |
_aLK-CoMWRAF _dLK-CoMWRAF _eLK-CoMWRAF |
||
| 041 | _aeng | ||
| 082 |
_a305.4 _bMAJ |
||
| 100 | _aMajupuria, Indra | ||
| 245 |
_aNepalese Women: _ba vivid account of the status and role of Nepalese women in the total spectrum of life : religious, social, economic, political and legal |
||
| 260 |
_aLahkar: _bM.Devi, _c1991 |
||
| 300 |
_aviii, 341 p., [64] p. of plates : ill. (some col.) ; 19 cm. _bBibliography included |
||
| 650 | _aWOMEN-Nepal -Social conditions | ||
| 650 | _aNEPAL-Social life and customs | ||
| 942 | _cBK | ||
| 999 |
_c1235 _d1235 |
||